000 01237nam a2200301 u 4500
001 000002987
003 DO-SdBNP
005 20260316133924.0
008 090706s2001 dr c r 000 0 spa d
020 _a9993420174
040 _aDO-SdBNP
_bspa
_cBNPHU
082 4 _a330.9
_bM347d
_222
100 1 _aMarlbor Alvarado, Jorge,
_d1963-
_99470
245 1 0 _aDominicanismo universal :
_brelación económica, política, cultural y social de la República Dominicana con un mundo globalizado /
_cJorge Marlbor Alvarado.
260 _aSanto Domingo :
_bManatí,
_c2001.
300 _a245 p. :
_bil., retrs. ;
_c21 cm.
500 _aIncluye datos biográficos del autor en la contraportada
504 _aBibliografía : p. 243-245
590 _aInventariado, 2018/ YL
650 0 _aPolítica económica
_99471
650 0 _a Relaciones económicas internacionales
_91067
650 4 _aDesarrollo económico
_vEnsayos, conferencias, etc.
_99472
650 4 _aPotencial de crecimiento
_zRepública Dominicana
_vEnsayos, conferencias, etc.
_99473
650 4 _aCompetencia económica internacional
_vEnsayos, conferencias, etc.
_99474
650 0 _aGlobalización
_91524
910 _aValidado. Control de calidad MMOLINA
942 _2ddc
_cLBS1
999 _c2819
_d2819